Vista normal
Vista MARC
Entrada Nombre Corporativo
Número de registros utilizados en: 1
001 - NUMERO DE CONTROL
- control field: 27379
003 - CONTROL NUMBER IDENTIFIER
- control field: AR-RoUNA
005 - FECHA Y HORA DE LA ÚLTIMA TRANSACCIÓN
- control field: 20250903171015.0
008 - ELEMENTOS DE DATOS DE LONGITUD FIJA
- fixed length control field: 250903|| aca||aabn | a|a d
040 ## - FUENTE DE CATALOGACIÓN
- Original cataloging agency: AR-RoUNA
- Transcribing agency: AR-RoUNA
110 ## - NOMBRE CORPORATIVO
- Subordinate unit: Asociacion de Empresarios de la Vivienda y Desarrollo Inmobiliarios dela Pcia. de Sta Fe
670 ## - SOURCE DATA FOUND
- Source citation: Work cat.: (AR-RoUNA)12092: Asociacion de Empresarios de la Vivienda y Desarrollo Inmobiliarios dela Pcia. de Sta Fe, 50 años :, 2023